00797nam a22002177a 450000500170000001000150001702000260003203500140005803700130007208200110008510000140009624501150011026000460022527000440027130000430031550000240035870000160038294200250039899900190042395201370044220170825142502.0 aENG-120077 c700.00a9788181714220 aEN-103609 bDBAD/PUB a519.05 aSinha, B. aA catalogue of pisces in the collection of the Arunachal Pradesh regional centre /cby B. Sinha [and] L.Tamang aKolkatabZoological Survey of Indiac2015 aM-Block, New Alipore, bKolkatae700053 a107p. :c24cm(pbk)bill.(col. plate-4) aIncludes references a Tamang, L. 2ddccENh591.05mSIN c143830d143830 001040718NFICaDBADbDBADd2017-08-25eDBAD/PUBg700.00l0o591.05 SINpEN-103609r2017-08-25 00:00:00t1v700.00w2017-08-25yEN